| 000 | 00460nam a2200133Ia 4500 | ||
|---|---|---|---|
| 003 | GCL | ||
| 008 | 140319s9999 xx 000 0 ara d | ||
| 040 |
_aGCL / _cGCL |
||
| 082 | 0 | 4 |
_a230 _bز ج |
| 100 | 1 | _aزين العابدين ابن الفرج | |
| 245 | 1 | 0 |
_aجامع العلوم والحكم فى شرح خمسين حديث من جوامع الكلم / _cزين العابدين ابن الفرج |
| 260 |
_a[S.N] : _bمكتبة الدعوة |
||
| 490 | _a | ||
| 999 |
_c55582 _d55582 |
||